Visualizzazione normale
Vista MARC
- Caritas e Migrantes
di Personal Name
Records bibliografici associati: 4
001 - CONTROL NUMBER
- control field: 56320
003 - CONTROL NUMBER IDENTIFIER
- control field: IT-RoPau
005 - DATE AND TIME OF LATEST TRANSACTION
- control field: 20170331110904.0
008 - FIXED-LENGTH DATA ELEMENTS
- fixed length control field: 170331|| aca||aabn | a|a d
040 ## - CATALOGING SOURCE
- Original cataloging agency: IT-RoPau
- Transcribing agency: IT-RoPau
100 ## - HEADING--PERSONAL NAME
- Personal name: Caritas e Migrantes
670 ## - SOURCE DATA FOUND
- Source citation: Work cat.: (IT-RoPau): Caritas e Migrantes, Immigrazione Dossier Statistico 2010, 2010